| 000 | 00433nam a2200145 i 4500 | ||
|---|---|---|---|
| 001 | 75068 | ||
| 003 | ES-MaACL | ||
| 005 | 20230906172329.0 | ||
| 007 | t| | ||
| 008 | 040922s1922 sp ||||1| spa d | ||
| 100 | 1 |
_aGorriz, Mariano. _959226 |
|
| 245 | 1 | 0 |
_aSobre un filamento espiral perinuclear de las fibras musculares estriadas / _cMariano Gorriz. |
| 260 |
_aMadrid : _bAntonio G. Izquierdo, _c1922. |
||
| 852 |
_aES-MaACL _j1643-F-7 |
||
| 999 |
_c75068 _d75068 |
||